000
00205 a2200097 4500
001
47940
100
_a
Ismail
245
_a
Rasool Arabi
260
_a
Karachi
_b
Maktaba Tela Shar
_c
090
_c
30935
_d
30935
942
_a
NUST-CAE
_c
M
_c
23264
999
_c
283013
_d
283013